History Quiz

Random History Quiz
Score 0/26 Timer 10:00
0 Plays Today
% Correct
Great
88.7%
Hun
88.7%
Terrible
88.7%
Impaler
84.9%
Kid
81.1%
Confessor
45.3%
Apostate
17%
Catholic
17%
Magnificent
13.2%
Bad
13.2%
Proud
11.3%
Hunchback
11.3%
Macedonian
11.3%
% Correct
Bloody
9.4%
Generous
9.4%
Samian
7.5%
Elder
7.5%
Hairy
7.5%
Arab
5.7%
Builder
5.7%
Curly
5.7%
Weak
5.7%
Battler
3.8%
Fowler
3.8%
Iron
3.8%
Blind
1.9%
Remove Ads.
Support Sporcle.
Get the best of Sporcle when you Go Orange. This ad-free experience offers more features, more stats, and more fun while also helping to support Sporcle. Thank you for becoming a member.

You're not logged in!

Compare scores with friends on all Sporcle quizzes.
OR
Log In

Show Comments

Extras

Top Quizzes Today


Score Distribution

Your Account Isn't Verified!

In order to create a playlist on Sporcle, you need to verify the email address you used during registration. Go to your Sporcle Settings to finish the process.

Report this User

Report this user for behavior that violates our Community Guidelines.

Details: